Statistics for Marvel Comics - Top 30 most famous Superheroes

Click here to take the quiz!

General Stats

  • This quiz has been taken 2,844 times
    (1,488 since last reset)
  • The average score is 25 of 30

Answer Stats

# Hint Superhero % Correct
02The Nordic GodThor
100%
01The First AvengerCaptain America
99%
03WebshooterSpiderman
99%
06Genius billionaireIron Man
98%
05Adamantium clawsWolverine
97%
04The Green MachineHulk
96%
20King of WakandaBlack Panther
96%
19Can become tinyAnt-Man
95%
15Russian spyBlack Widow
93%
12Leads the GuardiansStarlord
91%
14He's a racoon?Rocket Racoon
90%
13I am ........Groot
89%
18Can be tiny and flyWasp
88%
07Flame onThe Human Torch
86%
23Controlls the weatherStorm
86%
11Leader of the X-MenProfessor X
84%
26Rides on a boardSilver Surfer
84%
08Can stretch himselfMr Fantastic
83%
22Lazer-eyesCyclops
83%
25Sorcerer SupremeDr. Strange
82%
17Blind LawyerDaredevil
81%
09You can't see herInvisible Woman
79%
10It's clobbering timeThe Thing
78%
16Insane 4th-wall breakerDeadpool
74%
30The forgettable AvengerHawkeye
73%
21Most powerful X-MenJean Grey
72%
29Stark's sidekickWar Machine
69%
27He lifted the hammerVision
66%
24Daughter of MagnetoScarlet Witch
65%
28Captain's sidekickFalcon
64%

Score Distribution

Percentile by Number Answered

Percent of People with Each Score

Your Score History

You have not taken this quiz since the last reset